Normal view
MARC view
- Dr. Syed Ali Rizwan. Ph. D.
Entry Personal Name
001 - CONTROL NUMBER
- control field: 27336
003 - CONTROL NUMBER IDENTIFIER
- control field: NUST
005 - DATE AND TIME OF LATEST TRANSACTION
- control field: 20200104155705.0
008 - FIXED-LENGTH DATA ELEMENTS
- fixed length control field: 200104|| aca||aabn | a|a d
040 ## - CATALOGING SOURCE
- Original cataloging agency: NUST
- Transcribing agency: NUST
100 ## - HEADING--PERSONAL NAME
- Personal name: Dr. Syed Ali Rizwan. Ph. D.
670 ## - SOURCE DATA FOUND
- Source citation: Work cat.: (NUST): Khan, Hasnain 27334, Application of Effective Micro-Organisms Technology (EMT) in Self-Compacting Cement Based Formulstions /, 2017.
